000
00315nam a22001217a 4500
008
230607b xxu||||| |||| 00| 0 eng d
082
_a
920.092
_b
AMA
100
_c
Andrei Amalrik
245
_a
Will the Soviet Union Survive Until 1984?
260
_a
New York
_b
Harper & Row
_c
1970
300
_a
XII,93p
942
_2
ddc
_c
BK
999
_c
818
_d
818